000 00250nam a22001217a 4500
003 SGT
082 _a823
_bCHR
100 _aCHRISTIE AGATHA
245 _aTHE ABC MURDERS
260 _aLONDON
_bHARPER PUB
_c1936
300 _a252
942 _2ddc
_cBK
999 _c33891
_d33891